| 000 | 01172nam a2200385 i 4500 | ||
|---|---|---|---|
| 001 | 53433 | ||
| 003 | ES-MaCES | ||
| 005 | 20250203133123.0 | ||
| 008 | 241126s2024 sp f 000|| spad | ||
| 017 |
_aV 2171-2024 _bDL |
||
| 020 | _a9788410713796 | ||
| 040 |
_aES-MaCES _bspa _cES-MaCES |
||
| 100 | 1 |
_922614 _aRoqueta Buj, Remedios |
|
| 245 | 1 | 0 |
_aDerecho del empleo público _cRemedios Roqueta Buj |
| 250 | _a5ª ed | ||
| 260 |
_aValencia _bTirant lo Blanch _c2024 |
||
| 300 |
_a792 p. _c24 cm |
||
| 490 | 0 | _aManuales | |
| 504 | _aBibliografía | ||
| 541 | _cCompra | ||
| 650 | 4 |
_afunción pública _927225 |
|
| 650 | 4 |
_afuncionario _927224 |
|
| 650 | 4 |
_acondiciones de trabajo _928327 |
|
| 650 | 4 |
_acondiciones de empleo _930040 |
|
| 650 | 4 |
_arelaciones laborales _928369 |
|
| 650 | 4 |
_anegociación colectiva _928362 |
|
| 650 | 4 |
_aderecho del trabajo _927165 |
|
| 650 | 4 |
_aEspaña _926964 |
|
| 650 | 4 |
_amanual _929264 |
|
| 653 | 1 | 0 | _aDerecho del trabajo y Seguridad Social |
| 775 | 0 |
_tDerecho del empleo público _w(ES-MaCES)52967 |
|
| 830 | 0 |
_aManuales (Tirant lo Blanch (Firma)) _933478 |
|
| 902 | _aLIB Libro | ||
| 942 |
_2CES _cBK _h6.0.1. |
||
| 999 |
_c53433 _d53433 |
||